| 000 | 00589nam a22001937a 4500 | ||
|---|---|---|---|
| 003 | OSt | ||
| 005 | 20250524143403.0 | ||
| 008 | 250515b |||||||| |||| 00| 0 eng d | ||
| 020 | _a9789390619740 | ||
| 040 | _cddc | ||
| 082 | _a615.1 R3 | ||
| 100 | _aJoginder Singh Pathania | ||
| 245 |
_aTextbook of Pharmacology _bfor Physiotheraphy Students _cJoginder Singh Pathania; Rupendra Kumar Bharti |
||
| 250 | _a1st | ||
| 260 |
_aNew Delhi _bCBS Publishers and Distributors Pvt. Ltd _c2023 |
||
| 650 |
_vPhysiotherapy _xPharmacology for Physiotheraphy |
||
| 942 |
_cBK _2ddc |
||
| 999 |
_c249087 _d249087 |
||